|
|
|
|
| LEADER |
00000cam a2200000 7i4500 |
| 001 |
0000013399 |
| 005 |
20241023.0 |
| 008 |
240808 my a may |
| 020 |
|
|
|a 9832473268 (pbk)
|
| 040 |
|
|
|a INS
|b eng
|e rda
|
| 090 |
0 |
0 |
|a HF5655
|b .M2 2001
|
| 100 |
0 |
|
|a Aini Aman ,
|e author
|
| 245 |
1 |
0 |
|a Sistem Perakauan dan kawalan
|c Aini Aman, Azmi Harun, Kamarul Baraini Keliwon
|
| 264 |
|
1 |
|a Malaysia :
|b Pearson Education Malaysia Sdn. Bhd.
|c 2001
|
| 300 |
|
|
|a 1 v. (various pagings) :
|b illustrations ;
|c 24 cm.
|
| 336 |
|
|
|a text
|2 rdacontent
|
| 337 |
|
|
|a unmediated
|2 rdamedia
|
| 338 |
|
|
|a volume
|2 rdacarrier
|
| 650 |
|
0 |
|a Accounting
|
| 700 |
0 |
|
|a Azmi Harun ,
|e author
|
| 700 |
0 |
|
|a Kamarul Baraini Keliwon ,
|e author
|
| 999 |
|
|
|a 0000010491
|b BOOK
|c Open Shelf
|e Default branch
|